000 00856nac a22002411u 4500
010 _a 90019991
020 _a0070055513 :
020 _a0070055505 (soft cover) :
082 0 0 _a670.427
_bBLA
090 _c7588
_d7588
100 _aBlack, J. Temple.
245 1 4 _aThe design of the factory with a future /
_cJ.T. Black.
260 _aNew York :
_bMcGraw-Hill,1991
_cc1991.
300 _axiv, 233 p. :
_bill. ;
_c24 cm.
440 0 _aMcGraw-Hill series in industrial engineering and management science
500 _adistributer: Al-Ahram
504 _aIncludes bibliographical references (p. 227-228) and index.
511 _acatalogued by: wessam
650 0 _aJust-in-time systems.
650 0 _aComputer integrated manufacturing systems.
650 0 _aFactory management.
942 _cBB
_k670.427BLA
999 _c7588
_d7588